[Event "Bratto op-B 27th"]
[Site "Bratto"]
[Date "2007.08.25"]
[Round "2"]
[White "Marsili, Riccardo"]
[Black "Scarpellini, Felice"]
[Result "1/2-1/2"]
[WhiteElo "1686"]
[BlackElo "1848"]
[PlyCount "114"]
[EventDate "2007.08.24"]
[EventType "swiss"]
[EventRounds "8"]
[EventCountry "ITA"]
[SourceTitle "CBM 120 Extra"]
[Source "ChessBase"]
[SourceDate "2007.11.01"]
[SourceVersion "1"]
[SourceVersionDate "2007.11.01"]
[SourceQuality "1"]

1. e4 d6 2. d4 g6 3. Nf3 Bg7 4. Nc3 Bg4 5. Be3 c6 6. Bc4 e6 7. 0-0 Nf6 8. h3 Bxf3 9. Qxf3 0-0 10. Rad1 Nbd7 11. Rfe1 b5 12. Bb3 Qc7 13. Bf4 e5 14. Be3 a5 15. a3 a4 16. Ba2 Rfb8 17. Qe2 Nb6 18. dxe5 dxe5 19. Bc5 Rd8 20. Qe3 Nbd7 21. Bd6 Qa7 22. Qxa7 Rxa7 23. Bxe5 Raa8 24. Bxf6 Nxf6 25. f3 Nh5 26. Rxd8+ Rxd8 27. Rd1 Rxd1+ 28. Nxd1 Nf4 29. Kf1 Kf8 30. Nc3 Ke7 31. Nd1 Bd4 32. Nc3 f6 33. Nd1 g5 34. b3 axb3 35. Bxb3 Kd6 36. a4 bxa4 37. Bxa4 Ne6 38. Nf2 Nc5 39. Bb3 Nxb3 40. cxb3 Kc5 41. Nd3+ Kb5 42. Ke2 c5 43. Kd2 c4 44. bxc4+ Kxc4 45. f4 h6 46. fxg5 hxg5 47. g3 Bc3+ 48. Ke3 Bd4+ 49. Ke2 Bc3 50. Nf2 Kd4 51. Kf3 Ke5 52. h4 gxh4 53. gxh4 f5 54. h5 Kf6 55. exf5 Kxf5 56. h6 Kg6 57. Ng4 Bd2 1/2-1/2

[Event "Bratto op-B 27th"]
[Site "Bratto"]
[Date "2007.08.24"]
[Round "1"]
[White "Scarpellini, Felice"]
[Black "Cobas Ferrer, Dayamy"]
[Result "0-1"]
[WhiteElo "1848"]
[BlackElo "1992"]
[PlyCount "78"]
[EventDate "2007.08.24"]
[EventType "swiss"]
[EventRounds "8"]
[EventCountry "ITA"]
[SourceTitle "CBM 120 Extra"]
[Source "ChessBase"]
[SourceDate "2007.11.01"]
[SourceVersion "1"]
[SourceVersionDate "2007.11.01"]
[SourceQuality "1"]

1. c4 d6 2. Nc3 e5 3. g3 Nf6 4. Bg2 Be7 5. Nf3 0-0 6. d4 Nbd7 7. 0-0 c6 8. e4 Re8 9. d5 Bf8 10. Nh4 g6 11. f4 exf4 12. Bxf4 cxd5 13. exd5 a6 14. Qd2 Ng4 15. h3 Qb6+ 16. Kh1 Ne3 17. Bxe3 Qxe3 18. Qxe3 Rxe3 19. Nf3 Nb6 20. Nd2 Rxg3 21. Nce4 Rd3 22. b3 f5 23. Rf2 fxe4 24. Raf1 Bxh3 25. Nxe4 Bf5 26. Kh2 Nd7 27. Ng3 Ne5 28. Bh3 Bxh3 29. Kxh3 Bg7 30. Kg2 Ng4 31. Rf3 Rd2+ 32. Kh3 Nh2 33. Ne4 Nxf3 34. Rxf3 Rxa2 35. Nxd6 b6 36. Ne4 Re8 37. Ng5 Rae2 38. Ne6 R2xe6 39. dxe6 Rxe6 0-1

[Event "Bratto Martesana op"]
[Site "Bratto"]
[Date "2006.11.19"]
[Round "5"]
[White "Oteri, Aldo"]
[Black "Scarpellini, Felice"]
[Result "1-0"]
[WhiteElo "1954"]
[BlackElo "1887"]
[PlyCount "87"]
[EventDate "2006.11.11"]
[EventType "swiss"]
[EventRounds "6"]
[EventCountry "ITA"]
[SourceTitle "EXT 2008"]
[Source "ChessBase"]
[SourceDate "2007.11.25"]
[SourceVersion "1"]
[SourceVersionDate "2007.11.25"]
[SourceQuality "1"]

1. e4 d6 2. d4 g6 3. f4 Bg7 4. Be2 a6 5. Nf3 b5 6. 0-0 Bb7 7. Nbd2 Nd7 8. c4 c6 9. e5 bxc4 10. exd6 exd6 11. Nxc4 Nb6 12. Qb3 Nxc4 13. Bxc4 d5 14. Qxb7 dxc4 15. Qxc6+ Kf8 16. Qxc4 Ne7 17. b3 Nf5 18. Ne5 Qxd4+ 19. Qxd4 Nxd4 20. Bb2 Nf5 21. Rac1 h5 22. Rc7 Nh6 23. Nxg6+ Kg8 24. Bxg7 Kxg7 25. Nxh8 Kxh8 26. f5 f6 27. h3 Kg8 28. Rf4 Rd8 29. Ra7 Rd6 30. Rc4 Rd8 31. g4 hxg4 32. hxg4 Nf7 33. Rcc7 Ng5 34. Rxa6 Ne4 35. Kg2 Rd2+ 36. Kf3 Ng5+ 37. Ke3 Rd8 38. Rxf6 Re8+ 39. Kf4 Nh3+ 40. Kg3 Re3+ 41. Kh4 Nf2 42. Re6 Rh3+ 43. Kg5 Kf8 44. Kg6 1-0

[Event "Bratto Martesana op"]
[Site "Bratto"]
[Date "2006.11.19"]
[Round "6"]
[White "Scarpellini, Felice"]
[Black "Bernago, Federico"]
[Result "0-1"]
[WhiteElo "1887"]
[BlackElo "1990"]
[PlyCount "96"]
[EventDate "2006.11.11"]
[EventType "swiss"]
[EventRounds "6"]
[EventCountry "ITA"]
[SourceTitle "EXT 2008"]
[Source "ChessBase"]
[SourceDate "2007.11.25"]
[SourceVersion "1"]
[SourceVersionDate "2007.11.25"]
[SourceQuality "1"]

1. c4 e5 2. Nc3 Nc6 3. g3 g6 4. Bg2 Bg7 5. d3 d6 6. e4 f5 7. f4 Nf6 8. Nge2 0-0 9. 0-0 Nd4 10. Nxd4 exd4 11. Ne2 c5 12. exf5 Bxf5 13. Bxb7 Rb8 14. Bg2 Qd7 15. Rb1 Bh3 16. a3 Bxg2 17. Kxg2 Rfe8 18. h3 d5 19. Ng1 dxc4 20. dxc4 Qf5 21. Bd2 Ne4 22. Nf3 Nxd2 23. Qxd2 Re3 24. Rbc1 Qe4 25. Rf2 d3 26. b4 Re8 27. b5 Qb7 28. Qd1 Re1 29. Qxe1 Rxe1 30. Rxe1 Bc3 31. Rd1 Qe4 32. Kh2 Qxc4 33. Ne5 Qd4 34. Rf3 c4 35. Nc6 Qc5 36. a4 Bf6 37. g4 Bd4 38. f5 Qd6+ 39. Kg2 Bb2 40. fxg6 hxg6 41. g5 d2 42. Kf2 c3 43. Rf6 Qc5+ 44. Ke2 Qc4+ 45. Kf3 Qd3+ 46. Kf2 c2 47. Ne7+ Kg7 48. Rxg6+ Qxg6 0-1

[Event "Bratto Martesana op"]
[Site "Bratto"]
[Date "2006.11.18"]
[Round "4"]
[White "Virzi, Ettore"]
[Black "Scarpellini, Felice"]
[Result "1/2-1/2"]
[WhiteElo "1967"]
[BlackElo "1887"]
[PlyCount "109"]
[EventDate "2006.11.11"]
[EventType "swiss"]
[EventRounds "6"]
[EventCountry "ITA"]
[SourceTitle "EXT 2008"]
[Source "ChessBase"]
[SourceDate "2007.11.25"]
[SourceVersion "1"]
[SourceVersionDate "2007.11.25"]
[SourceQuality "1"]

1. e4 d6 2. d4 g6 3. Nc3 Bg7 4. Be3 a6 5. Qd2 b5 6. 0-0-0 Bb7 7. f3 Nd7 8. Kb1 Rc8 9. d5 c5 10. dxc6 Bxc6 11. Nd5 Ngf6 12. Nxf6+ Nxf6 13. g4 Nxg4 14. fxg4 Bxe4 15. Bg2 Bxc2+ 16. Qxc2 Rxc2 17. Kxc2 0-0 18. h3 Qa5 19. Kb1 Qb4 20. Rd2 Bxb2 21. Rxb2 Qe1+ 22. Bc1 Rc8 23. Ne2 Qf2 24. Bb7 Rb8 25. Nf4 Qd4 26. Bg2 e5 27. Nd5 Kg7 28. Rd2 Qc5 29. Rc2 Qd4 30. Bb2 Qd3 31. Kc1 b4 32. Rd1 Qb5 33. Kb1 b3 34. Rcd2 bxa2+ 35. Ka1 a5 36. Nc3 Qb4 37. Nxa2 Qb6 38. Ba3 Qe3 39. Bxd6 Rd8 40. Rd3 Qe2 41. R3d2 Qe3 42. Kb1 Qb3+ 43. Ka1 Qe3 44. Bc5 Qxd2 45. Rxd2 Rxd2 46. Be4 Rh2 47. Bd6 f6 48. Nc3 Rxh3 49. Nd5 Rg3 50. Be7 Rxg4 51. Nxf6 Rg1+ 52. Kb2 h5 53. Bd5 h4 54. Ne8+ Kh6 55. Bxh4 1/2-1/2

[Event "Bratto Gorgonzola op-B"]
[Site "Bratto"]
[Date "2006.08.22"]
[Round "3"]
[White "Saracco, Marco"]
[Black "Scarpellini, Felice"]
[Result "1-0"]
[WhiteElo "1780"]
[BlackElo "1913"]
[PlyCount "115"]
[EventDate "2006.08.20"]
[EventType "swiss"]
[EventRounds "8"]
[EventCountry "ITA"]
[SourceTitle "EXT 2008"]
[Source "ChessBase"]
[SourceDate "2007.11.25"]
[SourceVersion "1"]
[SourceVersionDate "2007.11.25"]
[SourceQuality "1"]

1. d4 Nf6 2. c4 e6 3. Nc3 d5 4. Bg5 Be7 5. cxd5 exd5 6. Qc2 0-0 7. e3 b6 8. Bd3 h6 9. Bh4 Bb7 10. Nf3 Nbd7 11. 0-0 c5 12. dxc5 bxc5 13. Rfd1 Rc8 14. Bf5 Ra8 15. Rd2 Nb6 16. b3 Nfd7 17. Bxe7 Qxe7 18. Rad1 Nf6 19. Bd3 Rfd8 20. Be2 Rac8 21. Qb2 Rd7 22. Ne1 Rdc7 23. Nb5 Ne4 24. Nxc7 Nxd2 25. Nxd5 Nxd5 26. Qxd2 Nb6 27. Bf3 Bxf3 28. Nxf3 c4 29. Rc1 cxb3 30. Rxc8+ Nxc8 31. axb3 Nb6 32. h3 g5 33. Nd4 h5 34. Qe2 h4 35. Qg4 f6 36. Qf5 Kh8 37. Qg6 Qg7 38. Qxg7+ Kxg7 39. Nc6 a6 40. Kf1 Kf7 41. Ke2 Ke6 42. Kd3 Kd6 43. Nd4 a5 44. Ke4 a4 45. bxa4 Nxa4 46. Kf5 Ke7 47. f4 gxf4 48. exf4 Nc3 49. Nf3 Nd5 50. Nxh4 Kf7 51. g4 Ne7+ 52. Ke4 Ng8 53. Nf5 Kg6 54. Kd5 Kf7 55. Kd6 Kf8 56. Ke6 Ke8 57. h4 Kf8 58. h5 1-0